000 01060nam a22003017a 4500
003 EG-GICUC
005 20260124221550.0
008 260124s1992 ua ||||fr|||| 00| 0 ara d
040 _a EG-GICUC
_bara
_c EG-GICUC
_d EG-GICUC
_erda
041 _aara
082 0 4 _221
_a343.37065
_bح س . ش
092 0 4 _221
099 _aLaw1 10 343.37065 1 ed - 1992
100 0 _aحسن الجوخدار
_eمؤلف.
245 _aشرح قانون أصول المحاكمات الجزائرية /
_cحسن الجوخدار
250 _aالطبعة الأولى
264 _aعمان :
_bمكتبة دار الثقافه للنشر والتوزيع ,
_c1992 .
300 _a720 صفحة;
_c24 سم
336 _2rda content
_atext
337 _2rda media
_aComputer
338 _2rda carrier
_aOnline Resource
546 _aالنص باللغة العربية
650 1 _aقانون جنائي
650 1 _a المحاكمة الجنائية
856 4 0 _uhttps://fll.law.cu.edu.eg/fulltext/bks/B10-05621.pdf
905 _a44
942 _2ddc
_cBK
_e21
_n0
999 _c59119
_d59119